| 000 | 01069nas a2200325 4500 | ||
|---|---|---|---|
| 001 | BR8806907 | ||
| 003 | BR-BrBNA | ||
| 005 | 20231205091351.0 | ||
| 007 | ta | ||
| 008 | 230509b bl.|||p| |||| 00| 00por d | ||
| 040 |
_aBR-BrBNA _bpor _cBiblioteca Nacional de Agricultura |
||
| 041 | _a(Pt) | ||
| 072 | _aL73 | ||
| 100 | 1 | _aPaulillo, A.C. | |
| 100 | 1 | _aBerchieri Junior, A. | |
| 100 | 1 | _aMontassier, H.J. | |
| 100 | 1 | _aMathias, L.A. | |
| 100 | 1 | _aPinto, A.A. | |
| 100 | 1 | _aRichtzenhain, L.J. | |
| 100 | 1 | _aKronka, S.N. | |
| 100 | 1 | _aNakaghi, L.S.O. | |
| 245 | 1 | _aEstudos quantitativos sobre a reacao de fixacao de complemento direta modificada na doenca de newcastle | |
| 246 | 1 | _aQuantitative study of the modified direct complement fixation (MDCF)technique in the newcastle disease | |
| 650 | _aNEWCASTLE | ||
| 650 | _aAVE DOMESTICA | ||
| 650 | _aINIBIDOR DA HEMOAGLUTINACAO | ||
| 773 | 0 |
_tARS Veterinaria (Brazil) _xISSN 0102-6380 _g(Jun 1987), v. 3(1) p. 63-67 _wBR8806907 |
|
| 909 |
_a202311 _bLúcia _c55 _dLúcia Elande |
||
| 942 |
_2AGRIS _n0 _cANA |
||
| 999 |
_c124622 _d124622 |
||